La sangre : (Registro nro. 8535)

Detalles MARC
000 -LIDER
fixed length control field 00901nam a2200277 a 4500
001 - NÚMERO DE CONTROL
Identificador de número de control 000011960
003 - IDENTIFICACDOR DE NÚMERO DE CONTROL
control field DO-SdBNP
005 - DATE AND TIME OF LATEST TRANSACTION
control field 20170928125747.0
008 - ELEMENTOS DE LONGITUD FIJA
fixed length control field 091102s20uu dr 000 f spa d
040 ## - FUENTE DE CATALOGACIÓN
Agencia que crea de manera original el registro BPMSU
Idioma de catalogación spa
Agencia que realiza la transcripción BPMSU
092 ## - LOCALLY ASSIGNED DEWEY DECIMAL CALL NUMBER
Número de clasificación RD863.4
Número de ítem (Cutter) C422s
100 1# - ASIENTO PRINCIPAL -- NOMBRE PERSONAL
Nombre personal Cestero, Tulio Manuel,
Fechas asociadas con el nombre 1877-1955
245 13 - MENCIÓN DE TITULO
Título La sangre :
Subtítulo una vida bajo la tiranía /
260 ## - PUBLICACIÓN, DISTRIBUCIÓN, ETC. (PIE DE IMPRENTA)
Lugar de publicación, distribución, etc Santo Domingo :
Nombre del editor, distribuidor, etc. Libreros Unidos
Fecha de publicación, distribución, etc [200-?]
300 ## - DESCRIPCIÓN FÍSICA
Extensión 227 p. ;
Dimensiones 23 cm.
650 #4 - ENCABEZAMIENTO DE MATERIA--TEMÁTICO
Término temático o nombre geográfico como elemento de entrada NOVELA DOMINICANA
650 #4 - ENCABEZAMIENTO DE MATERIA--TEMÁTICO
Término temático o nombre geográfico como elemento de entrada LITERATURA DOMINICANA
910 ## - VALIDACIÓN
Validación Validado. Control de calidad BNPHU
930 #1 - EQUIVALENCE OR CROSS-REFERENCE-UNIFORM TITLE HEADING [LOCAL, CANADA]
Language of a work BND01
Medium of performance for music LF1
Medium RD863.4
Field link and sequence number 20091102
Date of a work 01
Name of part/section of a work CT
Miscellaneous information 6960
942 ## - ADDED ENTRY ELEMENTS (KOHA)
Source of classification or shelving scheme Dewey Decimal Classification
Koha item type Libros
945 ## - INFORMACIÓN DE PROCESAMIENTO LOCAL
Información de procesamiento local Titulo remanejado para BNPHU
956 ## - LOCAL ELECTRONIC LOCATION AND ACCESS (OCLC)
Nombre de host BTAVAREZ
Número de acceso 10
Información de compresión 20091112
Inicio de sesión BND01
Procesador de solicitud 0954
956 ## - LOCAL ELECTRONIC LOCATION AND ACCESS (OCLC)
Nombre de host MFILETO
Número de acceso 10
Información de compresión 20091112
Inicio de sesión BND01
Procesador de solicitud 1438
956 ## - LOCAL ELECTRONIC LOCATION AND ACCESS (OCLC)
Nombre de host MMOLINA
Número de acceso 40
Información de compresión 20110412
Inicio de sesión BND01
Procesador de solicitud 1030
956 ## - LOCAL ELECTRONIC LOCATION AND ACCESS (OCLC)
Nombre de host VMATEO
Número de acceso 10
Información de compresión 3220151104
Inicio de sesión BPMSU
Procesador de solicitud 00151
Existencias
Withdrawn status Lost status Source of classification or shelving scheme Damaged status Not for loan Collection code Home library Current library Date acquired Source of acquisition Total Checkouts Full call number Barcode Date last seen Price effective from Koha item type
    Dewey Decimal Classification     Colección Dominicana Biblioteca Pública Metropolitana Salomé Ureña Biblioteca Pública Metropolitana Salomé Ureña 11/04/2015 FUNDI   RD863.4 C422s BPMSU15110040 11/04/2015 11/04/2015 Libros